| 000 | 00621nam a2200205 a 4500 | ||
|---|---|---|---|
| 005 | 20240704063718.0 | ||
| 008 | 030307s2000 mx r 000 0 spa d | ||
| 020 | _a9686136592 | ||
| 035 | _aUPN01000122639 | ||
| 049 | _aCG | ||
| 050 | 4 |
_aLB3041 _bA9.3 |
|
| 100 | 1 | _aAvila Carrillo, Enrique | |
| 245 | 1 | 0 |
_aCalendario cívico escolar / _cEnrique Avila Carrillo, Efraín Gracida Camacho. |
| 260 |
_aMéxico : _bQuinto sol, _c2000. |
||
| 300 | _a191 p. | ||
| 500 | _aEn cubierta dice: Y algunas fechas olvidadas | ||
| 650 | 4 |
_aCalendario escolar _94669 |
|
| 700 | 1 |
_aGracida Camacho, Efraín, _ecoaut. |
|
| 905 | _aLibro | ||
| 999 |
_c94824 _d94824 |
||